000 00617cam a22002171 4500
001 ca 22000735
003 DLC
005 20260227111110.0
008 960604s1922 fr a 000 0 fre
010 _aca 22000735
035 _a(OCoLC)34870897
040 _aDLC
_cMoU
_dDLC
042 _apremarc
050 0 0 _aPQ2603.I65
_bF4 1922
100 1 _aBirabeau, André.
245 1 3 _aLa femme fatale;
_bcomédie en trois actes,
_cpar André Birabeau ...
260 _aParis,
_bStock,
_c1922.
300 _a40 p.
_billus.
_c24 x 19 cm.
490 0 _aCollection nouvelle de la France dramatique
500 _aCover title.
999 _c15652
_d15652